<?xml version="1.0" encoding="UTF-8"?>
<record
    xmlns:xsi="http://www.w3.org/2001/XMLSchema-instance"
    xsi:schemaLocation="http://www.loc.gov/MARC21/slim http://www.loc.gov/standards/marcxml/schema/MARC21slim.xsd"
    xmlns="http://www.loc.gov/MARC21/slim">

  <leader>01886na  a2200409   4500</leader>
  <controlfield tag="001">22807</controlfield>
  <controlfield tag="003">MIRAKIL</controlfield>
  <controlfield tag="005">20181213155239.0</controlfield>
  <controlfield tag="008">170226b        tu            000 0      </controlfield>
  <datafield tag="040" ind1=" " ind2=" ">
    <subfield code="a">Milas</subfield>
    <subfield code="b">tur</subfield>
    <subfield code="c">TR-AnCHP</subfield>
  </datafield>
  <datafield tag="041" ind1=" " ind2=" ">
    <subfield code="a">eng</subfield>
  </datafield>
  <datafield tag="082" ind1=" " ind2=" ">
    <subfield code="a">CHP 337.14206</subfield>
    <subfield code="b">C36a 2009/03</subfield>
  </datafield>
  <datafield tag="090" ind1=" " ind2=" ">
    <subfield code="a">CHP 337.14206 C36a 2009/03</subfield>
  </datafield>
  <datafield tag="091" ind1=" " ind2=" ">
    <subfield code="a">DI&#x15E; POL&#x130;T&#x130;KA -2- AB</subfield>
  </datafield>
  <datafield tag="110" ind1=" " ind2=" ">
    <subfield code="a">Cumhuriyet Halk Partisi (CHP)</subfield>
    <subfield code="b">Avrupa Birli&#x11F;i Temsilcili&#x11F;i</subfield>
  </datafield>
  <datafield tag="222" ind1=" " ind2=" ">
    <subfield code="a">AB temsilcili&#x11F;i raporlar&#x131;</subfield>
  </datafield>
  <datafield tag="245" ind1=" " ind2=" ">
    <subfield code="a">Gender equality in Turkey and the EU</subfield>
    <subfield code="b">European Parliamant, Brussels-18 March 2009</subfield>
    <subfield code="c">ALDE-Alliance of Liberals and Democrats for Europe in Ccoperation with TUS&#x130;AD and KAG&#x130;DER</subfield>
  </datafield>
  <datafield tag="246" ind1=" " ind2=" ">
    <subfield code="a">CHP Avrupa Birli&#x11F;i Temsilcili&#x11F;i etkinlikleri</subfield>
  </datafield>
  <datafield tag="260" ind1=" " ind2=" ">
    <subfield code="a">Brussels</subfield>
    <subfield code="b">CHP EU Representation</subfield>
    <subfield code="c">March 2009</subfield>
  </datafield>
  <datafield tag="300" ind1=" " ind2=" ">
    <subfield code="a">4 s.</subfield>
    <subfield code="b">rnkl. fotg.</subfield>
    <subfield code="c">30 sm.</subfield>
  </datafield>
  <datafield tag="440" ind1=" " ind2=" ">
    <subfield code="a">Cumhuriyet Halk Partisi yay&#x131;nlar&#x131;</subfield>
    <subfield code="p">Raporlar</subfield>
  </datafield>
  <datafield tag="490" ind1=" " ind2=" ">
    <subfield code="a">AB Temsilcili&#x11F;i</subfield>
  </datafield>
  <datafield tag="500" ind1=" " ind2=" ">
    <subfield code="a">Yerel numaradaki say&#x131;lar, raporlar&#x131;n sunuldu&#x11F;u aylar&#x131; temsil eder : Ocak -1 ; &#x15E;ubat -2 ; Mart -3 ; Nisan -4 ; May&#x131;s -5; Haziran -6 ; Temmuz-7 ; A&#x11F;ustos -8 ; Eyl&#xFC;l -9 ; Ekim -10 ; Kas&#x131;m -11 ; Aral&#x131;k -12</subfield>
  </datafield>
  <datafield tag="500" ind1=" " ind2=" ">
    <subfield code="a">Cumhuriyet Halk Partisi AB Temsilcili&#x11F;inin &#xE7;e&#x15F;itli program ve faaliyet raporlar&#x131;</subfield>
  </datafield>
  <datafield tag="610" ind1=" " ind2=" ">
    <subfield code="a">CHP</subfield>
    <subfield code="b">AB temsicili&#x11F;i</subfield>
    <subfield code="x">Raporlar</subfield>
  </datafield>
  <datafield tag="610" ind1=" " ind2=" ">
    <subfield code="a">CHP</subfield>
    <subfield code="x">Yurtd&#x131;&#x15F;&#x131; temsilcilikleri</subfield>
    <subfield code="y">AB temsilcili&#x11F;i</subfield>
  </datafield>
  <datafield tag="610" ind1=" " ind2=" ">
    <subfield code="a">CHP</subfield>
    <subfield code="x">AB &#xFC;yelik s&#xFC;reci</subfield>
    <subfield code="y">Raporlar</subfield>
  </datafield>
  <datafield tag="610" ind1=" " ind2=" ">
    <subfield code="a">CHP</subfield>
    <subfield code="x">D&#x131;&#x15F; politika</subfield>
    <subfield code="z">Avrupa Birli&#x11F;i</subfield>
  </datafield>
  <datafield tag="610" ind1=" " ind2=" ">
    <subfield code="a">CHP</subfield>
    <subfield code="x">D&#x131;&#x15F; ili&#x15F;kiler</subfield>
    <subfield code="z">Avrupa Birli&#x11F;i</subfield>
  </datafield>
  <datafield tag="650" ind1=" " ind2=" ">
    <subfield code="a">Avrupa Birli&#x11F;i - T&#xFC;rkiye ili&#x15F;kileri</subfield>
  </datafield>
  <datafield tag="651" ind1=" " ind2=" ">
    <subfield code="a">T&#xFC;rkiye</subfield>
    <subfield code="x">D&#x131;&#x15F; ili&#x15F;kiler</subfield>
    <subfield code="z">Avrupa Birli&#x11F;i</subfield>
  </datafield>
  <datafield tag="740" ind1=" " ind2=" ">
    <subfield code="a">AB temsilcili&#x11F;i raporlar&#x131;</subfield>
  </datafield>
  <datafield tag="740" ind1=" " ind2=" ">
    <subfield code="a">CHP Avrupa Birli&#x11F;i Temsilcili&#x11F;i &#xE7;al&#x131;&#x15F;malar&#x131;</subfield>
  </datafield>
  <datafield tag="740" ind1=" " ind2=" ">
    <subfield code="a">CHP Avrupa Birli&#x11F;i Temsilcili&#x11F;i raporlar&#x131;</subfield>
  </datafield>
  <datafield tag="942" ind1=" " ind2=" ">
    <subfield code="2">ddc</subfield>
    <subfield code="c">BKS</subfield>
  </datafield>
  <datafield tag="952" ind1=" " ind2=" ">
    <subfield code="a">0001</subfield>
    <subfield code="b">0001</subfield>
    <subfield code="d">2017-02-26</subfield>
    <subfield code="e">2</subfield>
    <subfield code="l">0</subfield>
    <subfield code="o">CHP 337.14206 C36a 2009/03</subfield>
    <subfield code="p">016696</subfield>
    <subfield code="r">2017-02-26 00:00:00</subfield>
    <subfield code="v">0.00</subfield>
    <subfield code="w">2017-02-26</subfield>
    <subfield code="y">BKS</subfield>
  </datafield>
  <datafield tag="999" ind1=" " ind2=" ">
    <subfield code="c">9228</subfield>
    <subfield code="d">9228</subfield>
  </datafield>
</record>
